[Event "Liga Madrileña - DH 2015-2016"]
[Site "Madrid ESP"]
[Date "2016.03.05"]
[Round "13.15"]
[White "Ruperez Benito, Antonio"]
[Black "Martin Duque, Jesus"]
[Result "1-0"]
[WhiteElo "2218"]
[BlackElo "2347"]
[PlyCount "149"]
[EventDate "2015.11.22"]
[EventType "team-tourn"]
[EventRounds "14"]
[EventCountry "ESP"]
[Source "lmi"]
[SourceDate "2015.11.22"]
[WhiteTeam "64 Villalba"]
[BlackTeam "Collado Villalba"]
[WhiteTeamCountry "ESP"]
[BlackTeamCountry "ESP"]

1. e4 e6 2. b3 d5 3. Bb2 dxe4 4. Nc3 Nf6 5. Qe2 b6 6. Nxe4 Be7 7. Nf3 O-O 8.
Nxf6+ Bxf6 9. d4 Bb7 10. O-O-O a5 11. a4 c6 12. Qe4 Qe7 13. Bd3 g6 14. h4 c5
15. Qg4 cxd4 16. h5 e5 17. hxg6 fxg6 18. Bc4+ Kg7 19. Bd3 Kg8 20. Kb1 Bd5 21.
Ba3 Qd7 22. Qxd7 Nxd7 23. Bxf8 Rxf8 24. Rhe1 Bg7 25. Be4 Bxe4 26. Rxe4 h6 27.
Re2 Rf7 28. Nd2 Kh7 29. Ne4 Nf8 30. Nd6 Rf4 31. Nc4 Nd7 32. f3 g5 33. Nb2 Kg6
34. Nd3 Rf8 35. Rde1 Rf5 36. Kc1 h5 37. Re4 Rf8 38. Kd2 Kf5 39. g4+ Kg6 40.
gxh5+ Kxh5 41. Rh1+ Kg6 42. Rh3 Rf5 43. Rg3 Kf7 44. Ke2 Nf8 45. Nb2 Nd7 46. Nc4
Ke6 47. Reg4 Bf6 48. Nd2 Be7 49. Ne4 Rf8 50. Rh3 Rc8 51. Kd2 Kd5 52. Rh6 Bb4+
53. Kd1 Rf8 54. Rg3 Be7 55. Kd2 Rc8 56. Kd3 Rf8 57. c4+ dxc3 58. Nxc3+ Kc5 59.
Rh7 Re8 60. Rg4 Nf6 61. Rc4+ Kd6 62. Ne4+ Nxe4 63. Kxe4 Rf8 64. Rh6+ Kd7 65.
Rxb6 Rf4+ 66. Kd5 Rxf3 67. Rb7+ Kd8 68. Ke6 Rf6+ 69. Kxe5 Rf1 70. Kd5 Rf6 71.
Rcc7 Bb4 72. Rg7 Kc8 73. Rbc7+ Kb8 74. Rgf7 Rd6+ 75. Kc4 1-0

[Event "Liga Madrileña - DH 2015-2016"]
[Site "Madrid ESP"]
[Date "2016.03.05"]
[Round "13.16"]
[White "Ortega Ruiz, Jose Miguel"]
[Black "Cabanas Bravo, Juan Andres"]
[Result "1-0"]
[WhiteElo "2288"]
[BlackElo "2055"]
[PlyCount "65"]
[EventDate "2015.11.22"]
[EventType "team-tourn"]
[EventRounds "14"]
[EventCountry "ESP"]
[Source "lmi"]
[SourceDate "2015.11.22"]
[WhiteTeam "Collado Villalba"]
[BlackTeam "64 Villalba"]
[WhiteTeamCountry "ESP"]
[BlackTeamCountry "ESP"]

1. d4 Nf6 2. c4 g6 3. Nc3 d5 4. Bf4 Bg7 5. e3 O-O 6. Rc1 c5 7. dxc5 Qa5 8. cxd5
Ne4 9. Nge2 Rd8 10. Qa4 Qxa4 11. Nxa4 Rxd5 12. f3 Nf6 13. Nec3 Rd8 14. Bc4 Nc6
15. O-O e5 16. Bg5 h6 17. Bh4 g5 18. Bg3 Bf8 19. a3 Nh5 20. Bf2 Ng7 21. b4 Be6
22. Bxe6 Nxe6 23. Rfd1 f5 24. Nd5 Kf7 25. e4 f4 26. Nb2 Ncd4 27. Kf1 a5 28. Nc4
axb4 29. Nxe5+ Kg7 30. axb4 Nc6 31. Nd3 Kh8 32. b5 Ncd4 33. N3xf4 1-0

[Event "Liga Madrileña - DH 2015-2016"]
[Site "Madrid ESP"]
[Date "2016.03.06"]
[Round "13.21"]
[White "Aranda Marin, Cristian"]
[Black "Perez Gonzalez, Jose Manuel"]
[Result "1/2-1/2"]
[WhiteElo "2352"]
[BlackElo "2340"]
[PlyCount "68"]
[EventDate "2015.11.22"]
[EventType "team-tourn"]
[EventRounds "14"]
[EventCountry "ESP"]
[Source "lmi"]
[SourceDate "2015.11.22"]
[WhiteTeam "San Fernando de Henares"]
[BlackTeam "Liberty Chess"]
[WhiteTeamCountry "ESP"]
[BlackTeamCountry "ESP"]

1. d4 Nf6 2. Nf3 g6 3. c4 c5 4. Nc3 cxd4 5. Nxd4 Nc6 6. g3 Nxd4 7. Qxd4 Bg7 8.
Bg2 d6 9. O-O O-O 10. Qh4 Rb8 11. Bg5 Qa5 12. Nd5 Nxd5 13. Bxd5 e6 14. Bf3 f6
15. Be3 b5 16. b4 Qa3 17. Rac1 Bb7 18. Bxb7 Rxb7 19. Qe4 Re7 20. cxb5 Qxa2 21.
Qd3 Rb7 22. Qxd6 Qd5 23. Qxd5 exd5 24. b6 axb6 25. Rc6 b5 26. Rd6 Re8 27. Rxd5
Bf8 28. Rb1 Re4 29. Bd4 Rxe2 30. Bxf6 Rf7 31. Bd4 Rd2 32. Rc1 Rfxf2 33. Bxf2
Rxd5 34. Rc8 Kf7 1/2-1/2

[Event "Liga Madrileña - DH 2015-2016"]
[Site "Madrid ESP"]
[Date "2016.03.06"]
[Round "13.23"]
[White "Garrido Olivares, Ricard"]
[Black "Sanchez Gonzalez, Sergio"]
[Result "1-0"]
[WhiteElo "2155"]
[BlackElo "2300"]
[PlyCount "119"]
[EventDate "2015.11.22"]
[EventType "team-tourn"]
[EventRounds "14"]
[EventCountry "ESP"]
[Source "lmi"]
[SourceDate "2015.11.22"]
[WhiteTeam "San Fernando de Henares"]
[BlackTeam "Liberty Chess"]
[WhiteTeamCountry "ESP"]
[BlackTeamCountry "ESP"]

1. d4 Nf6 2. c4 e6 3. Nc3 Bb4 4. e3 O-O 5. Bd3 d5 6. Nf3 c5 7. O-O Nc6 8. cxd5
exd5 9. dxc5 Bxc5 10. h3 a6 11. b3 Qd6 12. Bb2 Ba7 13. Ne2 Rd8 14. Rc1 h6 15.
Ned4 Nxd4 16. Bxd4 Bxd4 17. Nxd4 Ne4 18. Qc2 Re8 19. Ne2 Qe5 20. Bxe4 dxe4 21.
Qc7 b5 22. Qxe5 Rxe5 23. Rc7 a5 24. Rfc1 Re8 25. Nd4 b4 26. R1c5 a4 27. Rb5
axb3 28. axb3 Ra1+ 29. Kh2 Ba6 30. Rxb4 Rf1 31. Ra4 Bd3 32. Ra2 Rb8 33. Rb2 Rb1
34. Rxb1 Bxb1 35. Kg3 Ba2 36. Rc2 Bb1 37. Rc7 Ba2 38. Rc3 Rb6 39. f4 Bb1 40. f5
g5 41. Rc6 Rxc6 42. Nxc6 Kf8 43. b4 Bd3 44. f6 Bc4 45. Kg4 Be2+ 46. Kg3 Bc4 47.
h4 Be6 48. Ne5 Ke8 49. h5 Bb3 50. b5 Kd8 51. b6 Kc8 52. Ng4 Bd1 53. Nxh6 Bxh5
54. Nxf7 Bxf7 55. Kg4 Kb7 56. Kxg5 Kxb6 57. Kh6 Kc5 58. Kg7 Be6 59. f7 Bxf7 60.
Kxf7 1-0

[Event "Liga Madrileña - DH 2015-2016"]
[Site "Madrid ESP"]
[Date "2016.03.06"]
[Round "13.24"]
[White "Fernandez Garcia, Miguel Angel"]
[Black "Nunez Miranda, Adrian"]
[Result "1-0"]
[WhiteElo "2334"]
[BlackElo "2085"]
[PlyCount "120"]
[EventDate "2015.11.22"]
[EventType "team-tourn"]
[EventRounds "14"]
[EventCountry "ESP"]
[Source "lmi"]
[SourceDate "2015.11.22"]
[WhiteTeam "Liberty Chess"]
[BlackTeam "San Fernando de Henares"]
[WhiteTeamCountry "ESP"]
[BlackTeamCountry "ESP"]

1. d4 Nf6 2. c4 c5 3. d5 b5 4. Bg5 Ne4 5. Bf4 Qa5+ 6. Nd2 g5 7. Be5 f6 8. Bc3
Nxc3 9. bxc3 Qxc3 10. cxb5 d6 11. e4 Nd7 12. Ne2 Qa5 13. Ng3 Ne5 14. Be2 Bd7
15. a4 c4 16. O-O Rc8 17. Qc2 c3 18. Nb1 Bg7 19. Bh5+ Kd8 20. Nf5 Bxf5 21. exf5
Rc5 22. Ra3 Kd7 23. Rxc3 Rhc8 24. Rxc5 Rxc5 25. Qb3 g4 26. h3 Rc4 27. Bxg4 Qxa4
28. Qxa4 Rxa4 29. Be2 Ra2 30. Re1 Bh6 31. Kf1 Rc2 32. g3 Bc1 33. f4 Nf7 34. Bd3
Rc5 35. Ke2 Nd8 36. Nd2 Bb2 37. Rb1 Bc3 38. Ne4 Rc7 39. Nxc3 Rxc3 40. Ra1 Rc7
41. b6 axb6 42. Bb5+ Kc8 43. Ra8+ Kb7 44. Rxd8 Rc5 45. Bc6+ Kc7 46. Rd7+ Kc8
47. Rxe7 b5 48. Rxh7 b4 49. Rb7 Rc3 50. Rxb4 Rxg3 51. Re4 Rxh3 52. Re3 Rh5 53.
Kf3 Rh3+ 54. Ke4 Rh7 55. Kd4 Kc7 56. Re6 Rf7 57. Be8 Rf8 58. Kc4 Kd8 59. Bc6
Kc7 60. Re7+ Kb6 1-0

[Event "Liga Madrileña - DH 2015-2016"]
[Site "Madrid ESP"]
[Date "2016.03.06"]
[Round "13.25"]
[White "De la Orden Alcocer, Alejandro"]
[Black "Hinojar Diez, David"]
[Result "1/2-1/2"]
[WhiteElo "2024"]
[BlackElo "2133"]
[PlyCount "87"]
[EventDate "2015.11.22"]
[EventType "team-tourn"]
[EventRounds "14"]
[EventCountry "ESP"]
[Source "lmi"]
[SourceDate "2015.11.22"]
[WhiteTeam "San Fernando de Henares"]
[BlackTeam "Liberty Chess"]
[WhiteTeamCountry "ESP"]
[BlackTeamCountry "ESP"]

1. Nf3 Nf6 2. c4 c5 3. Nc3 g6 4. g3 Bg7 5. Bg2 O-O 6. O-O d5 7. cxd5 Nxd5 8.
Qb3 Nb4 9. Ng5 h6 10. Nge4 Be6 11. Qa4 Bd7 12. Qd1 N8a6 13. a3 Nc6 14. d3 b6
15. Rb1 Nc7 16. f4 Rc8 17. e3 f5 18. Nf2 e5 19. fxe5 Nxe5 20. d4 cxd4 21. exd4
Nf7 22. Be3 Nd6 23. b3 Be6 24. a4 Nf7 25. Re1 Nd5 26. Nxd5 Bxd5 27. Bxd5 Qxd5
28. Qd2 Rfd8 29. Red1 Rd7 30. Qb4 Qf3 31. Rd3 Rc2 32. Bd2 Qd5 33. Bc3 Nd6 34.
Rf1 Re7 35. Rd2 Rxd2 36. Bxd2 Kh7 37. Bf4 Rd7 38. Be5 Bxe5 39. dxe5 Qxe5 40.
Rd1 Kg7 41. Kg2 Kf7 42. Qd2 g5 43. b4 Qe6 44. Re1 1/2-1/2

[Event "Liga Madrileña - DH 2015-2016"]
[Site "Madrid ESP"]
[Date "2016.03.06"]
[Round "13.26"]
[White "Suarez Triguero, Jose Alfonso"]
[Black "Rodriguez Lopez, Ruben"]
[Result "1-0"]
[WhiteElo "2063"]
[BlackElo "1949"]
[PlyCount "77"]
[EventDate "2015.11.22"]
[EventType "team-tourn"]
[EventRounds "14"]
[EventCountry "ESP"]
[Source "lmi"]
[SourceDate "2015.11.22"]
[WhiteTeam "Liberty Chess"]
[BlackTeam "San Fernando de Henares"]
[WhiteTeamCountry "ESP"]
[BlackTeamCountry "ESP"]

1. e4 c5 2. c4 Nc6 3. Ne2 g6 4. d4 cxd4 5. Nxd4 Bg7 6. Be3 Nf6 7. Nc3 Qa5 8. f3
d6 9. Qd2 Bd7 10. Be2 a6 11. O-O O-O 12. a3 Rfc8 13. b4 Qc7 14. Rac1 b6 15. Nd5
Qd8 16. Rfd1 Rab8 17. Nxc6 Bxc6 18. c5 Bxd5 19. exd5 b5 20. c6 Ne8 21. a4 e5
22. axb5 axb5 23. Ra1 f5 24. Ra5 Nc7 25. Ba7 Ra8 26. Bb6 Qh4 27. g3 Qh3 28.
Bxc7 Bh6 29. Qe1 e4 30. f4 g5 31. Bxd6 Rxa5 32. bxa5 gxf4 33. Qf1 Qxf1+ 34.
Kxf1 f3 35. Bxf3 exf3 36. Kf2 Kf7 37. Kxf3 Bg7 38. Rb1 Rd8 39. c7 1-0

[Event "Liga Madrileña - DH 2015-2016"]
[Site "Madrid ESP"]
[Date "2016.03.06"]
[Round "13.31"]
[White "Beltran de Heredia Eguiaz, Miguel Angel"]
[Black "Taboas Rodriguez, Daniel"]
[Result "1-0"]
[WhiteElo "2190"]
[BlackElo "2394"]
[PlyCount "53"]
[EventDate "2015.11.22"]
[EventType "team-tourn"]
[EventRounds "14"]
[EventCountry "ESP"]
[Source "lmi"]
[SourceDate "2015.11.22"]
[WhiteTeam "Vallecas CDV"]
[BlackTeam "Blanco y Negro"]
[WhiteTeamCountry "ESP"]
[BlackTeamCountry "ESP"]

1. e4 e6 2. d4 d5 3. Nd2 Nc6 4. Ngf3 Nf6 5. e5 Ne4 6. Bd3 Nxd2 7. Bxd2 Nb4 8.
Be2 c5 9. c3 Nc6 10. Bd3 Qb6 11. O-O c4 12. Bc2 Qxb2 13. Ng5 h6 14. Rb1 Qxa2
15. Ra1 Qb2 16. Rb1 Qa3 17. Qh5 Nd8 18. f4 g6 19. Bxg6 fxg6 20. Qxg6+ Kd7 21.
Nxe6 Nxe6 22. f5 Qe7 23. fxe6+ Qxe6 24. Rf6 Qg8 25. Rf7+ Kd8 26. Qf6+ Ke8 27.
Rbxb7 1-0

[Event "Liga Madrileña - DH 2015-2016"]
[Site "Madrid ESP"]
[Date "2016.03.06"]
[Round "13.32"]
[White "Bolado Saez, Sergio"]
[Black "Montanes Arribas, Adrian"]
[Result "1/2-1/2"]
[WhiteElo "2359"]
[BlackElo "2173"]
[PlyCount "70"]
[EventDate "2015.11.22"]
[EventType "team-tourn"]
[EventRounds "14"]
[EventCountry "ESP"]
[Source "lmi"]
[SourceDate "2015.11.22"]
[WhiteTeam "Blanco y Negro"]
[BlackTeam "Vallecas CDV"]
[WhiteTeamCountry "ESP"]
[BlackTeamCountry "ESP"]

1. d4 Nf6 2. c4 Nc6 3. Nf3 e6 4. e3 Bb4+ 5. Nbd2 O-O 6. a3 Bxd2+ 7. Qxd2 a5 8.
b3 d6 9. Bb2 Qe7 10. Be2 e5 11. O-O Bg4 12. d5 Nb8 13. Ne1 Bxe2 14. Qxe2 Nbd7
15. Nf3 c6 16. dxc6 bxc6 17. b4 axb4 18. axb4 Rab8 19. Rfd1 Ne4 20. Nd2 Nxd2
21. Qxd2 Nb6 22. Qc3 Qe6 23. Rdc1 f6 24. b5 cxb5 25. cxb5 Rfc8 26. Qb4 Nc4 27.
e4 d5 28. Qb3 Qd7 29. exd5 Qxb5 30. Qxb5 Rxb5 31. Bc3 Rxd5 32. Bb4 Nb6 33.
Rxc8+ Nxc8 34. g3 Rd8 35. Ra8 Re8 1/2-1/2

[Event "Liga Madrileña - DH 2015-2016"]
[Site "Madrid ESP"]
[Date "2016.03.06"]
[Round "13.33"]
[White "Martin Garcia, Guillermo Li"]
[Black "Martinez Reyes, Pedro Ramon"]
[Result "1-0"]
[WhiteElo "2165"]
[BlackElo "2338"]
[PlyCount "100"]
[EventDate "2015.11.22"]
[EventType "team-tourn"]
[EventRounds "14"]
[EventCountry "ESP"]
[Source "lmi"]
[SourceDate "2015.11.22"]
[WhiteTeam "Vallecas CDV"]
[BlackTeam "Blanco y Negro"]
[WhiteTeamCountry "ESP"]
[BlackTeamCountry "ESP"]

1. e4 c5 2. c3 Nf6 3. e5 Nd5 4. Nf3 Nc6 5. g3 d6 6. exd6 e6 7. Bg2 Bxd6 8. d4
cxd4 9. Nxd4 O-O 10. O-O Be5 11. Nf3 Bc7 12. Na3 a6 13. Nc2 b5 14. Ne3 Nce7 15.
Nxd5 Nxd5 16. a4 Bb7 17. Qb3 Nb6 18. axb5 Bd5 19. Qc2 axb5 20. Be3 Qb8 21. Bxb6
Qxb6 22. Ng5 g6 23. Bxd5 exd5 24. Qd2 Qc5 25. Nf3 Bb6 26. Rad1 Rfd8 27. Qh6 Qf8
28. Qg5 h6 29. Qg4 Ra4 30. Nd4 Rc4 31. Rd3 b4 32. Rfd1 bxc3 33. bxc3 Qc5 34.
Qf3 Rc8 35. Ne2 Re4 36. Rxd5 Qe7 37. Rd7 Qe8 38. Nf4 Re1+ 39. Kg2 Rxd1 40. Rxd1
Qe5 41. Rd3 Qe1 42. Nd5 Bc5 43. Nf6+ Kg7 44. Ne4 Be7 45. Rd7 Kf8 46. Qd3 Rc6
47. Qd4 f6 48. Qd5 Ra6 49. Rc7 f5 50. Rc8+ Bd8 1-0

[Event "Liga Madrileña - DH 2015-2016"]
[Site "Madrid ESP"]
[Date "2016.03.06"]
[Round "13.34"]
[White "Alarcia Astiz, Carlos"]
[Black "Montoya Pecurul, Marc"]
[Result "1-0"]
[WhiteElo "2337"]
[BlackElo "2123"]
[PlyCount "69"]
[EventDate "2015.11.22"]
[EventType "team-tourn"]
[EventRounds "14"]
[EventCountry "ESP"]
[Source "lmi"]
[SourceDate "2015.11.22"]
[WhiteTeam "Blanco y Negro"]
[BlackTeam "Vallecas CDV"]
[WhiteTeamCountry "ESP"]
[BlackTeamCountry "ESP"]

1. e4 c5 2. Nf3 e6 3. d4 cxd4 4. Nxd4 Nc6 5. Nc3 Qc7 6. Be2 a6 7. Be3 b5 8. a3
Bb7 9. O-O Rc8 10. Nb3 Na5 11. Nxa5 Qxa5 12. f4 Rxc3 13. bxc3 Qxc3 14. Qd3 Qc7
15. c4 bxc4 16. Qxc4 Qxc4 17. Bxc4 Bxe4 18. Bxa6 Bd6 19. Rfc1 Bc6 20. a4 Nf6
21. Bb5 Nd5 22. Rxc6 dxc6 23. Bxc6+ Kd8 24. Bxd5 exd5 25. a5 Kc7 26. a6 d4 27.
Bxd4 Bxf4 28. Rf1 Bd6 29. Rxf7+ Kc6 30. Rxg7 Kd5 31. Bf2 Rc8 32. g3 h6 33. a7
Ke4 34. Kg2 h5 35. Rh7 1-0

[Event "Liga Madrileña - DH 2015-2016"]
[Site "Madrid ESP"]
[Date "2016.03.06"]
[Round "13.35"]
[White "Ambrona Castellanos, Miguel"]
[Black "Renteria Becerra, Jorge Elicer"]
[Result "0-1"]
[WhiteElo "2055"]
[BlackElo "2244"]
[PlyCount "130"]
[EventDate "2015.11.22"]
[EventType "team-tourn"]
[EventRounds "14"]
[EventCountry "ESP"]
[Source "lmi"]
[SourceDate "2015.11.22"]
[WhiteTeam "Vallecas CDV"]
[BlackTeam "Blanco y Negro"]
[WhiteTeamCountry "ESP"]
[BlackTeamCountry "ESP"]

1. e4 c5 2. Nf3 d6 3. d4 cxd4 4. Nxd4 Nf6 5. Nc3 a6 6. Bg5 Nc6 7. Nb3 e6 8. f4
Be7 9. Qf3 b6 10. Bxf6 Bxf6 11. O-O-O Qc7 12. g4 g5 13. Kb1 gxf4 14. Qxf4 Be5
15. Qe3 b5 16. Bg2 Bd7 17. Ne2 a5 18. Nbd4 Nxd4 19. Nxd4 Qc5 20. Qd2 Bxd4 21.
Qxd4 Qxd4 22. Rxd4 Ke7 23. Rhd1 Ra6 24. e5 d5 25. Rf1 Rg8 26. h4 Rc6 27. Rf6
Rgc8 28. Rd2 Rc4 29. Bf3 Rh8 30. Rf2 Be8 31. a3 b4 32. axb4 axb4 33. Kc1 h5 34.
gxh5 Rxh4 35. Rg2 Rh7 36. Rg8 Rh2 37. b3 Rh4 38. Be2 Bd7 39. Bf3 Rh3 40. Rg5
Rh8 41. Rg7 Kf8 42. Rg5 Bb5 43. Rg2 Rg8 44. Rf2 Be8 45. Kd2 Ke7 46. Rf1 Rg5 47.
Re1 Rxe5 48. Rxf7+ Bxf7 49. Rxe5 Kf6 50. Re2 Bxh5 51. Bxh5 Rxh5 52. Rg2 e5 53.
Rg8 Rh2+ 54. Kd3 e4+ 55. Kd4 Rd2+ 56. Kc5 d4 57. Re8 Kf5 58. Kd5 e3 59. Rf8+
Kg4 60. Ke4 e2 61. Rg8+ Kh3 62. Rh8+ Kg2 63. Rg8+ Kf1 64. Rf8+ Ke1 65. Rc8 Kd1
0-1

[Event "Liga Madrileña - DH 2015-2016"]
[Site "Madrid ESP"]
[Date "2016.03.06"]
[Round "13.36"]
[White "Alcazar Jimenez, Jesus Alberto"]
[Black "Morona Minguez, Miguel"]
[Result "1-0"]
[WhiteElo "2196"]
[BlackElo "1885"]
[PlyCount "111"]
[EventDate "2015.11.22"]
[EventType "team-tourn"]
[EventRounds "14"]
[EventCountry "ESP"]
[Source "lmi"]
[SourceDate "2015.11.22"]
[WhiteTeam "Blanco y Negro"]
[BlackTeam "Vallecas CDV"]
[WhiteTeamCountry "ESP"]
[BlackTeamCountry "ESP"]

1. Nf3 Nf6 2. g3 d5 3. Bg2 c6 4. O-O h6 5. b3 Bf5 6. Bb2 Nbd7 7. d3 e6 8. Nbd2
Be7 9. e4 dxe4 10. dxe4 Bh7 11. c4 Nc5 12. e5 Nfd7 13. Ne1 Qc7 14. Qe2 O-O-O
15. Qe3 Bg5 16. f4 Be7 17. Bd4 Na6 18. Ne4 Rhg8 19. Kh1 c5 20. Bc3 Nb6 21. a3
Rd7 22. Nd3 Bxe4 23. Bxe4 Rgd8 24. f5 Bg5 25. Qf3 Kb8 26. f6 gxf6 27. exf6 h5
28. Be5 Rd6 29. Rad1 Ka8 30. Bxd6 Rxd6 31. Ne5 Nc8 32. h4 Bd2 33. Rf2 Bc3 34.
Rff1 Bd4 35. Nd3 Rb6 36. Rb1 Nd6 37. Nf4 Nb8 38. Nxh5 Nd7 39. g4 Ne5 40. Qf4
Nxe4 41. Qxe4 Ng6 42. g5 Be5 43. Rf3 Bd6 44. Rd1 Kb8 45. Ng7 Ne5 46. Rh3 Kc8
47. h5 Bf8 48. Ne8 Qc6 49. Qxc6+ Rxc6 50. Rg3 a6 51. g6 fxg6 52. hxg6 Nxg6 53.
Rxg6 e5 54. Rg8 Bh6 55. Nd6+ Kc7 56. Rc8+ 1-0

[Event "Liga Madrileña - DH 2015-2016"]
[Site "Madrid ESP"]
[Date "2016.03.06"]
[Round "13.41"]
[White "Candela Perez, Jose"]
[Black "Rubio Mejia, Luis Ignacio"]
[Result "1/2-1/2"]
[WhiteElo "2412"]
[BlackElo "2457"]
[PlyCount "71"]
[EventDate "2015.11.22"]
[EventType "team-tourn"]
[EventRounds "14"]
[EventCountry "ESP"]
[Source "lmi"]
[SourceDate "2015.11.22"]
[WhiteTeam "La Casa del Ajedrez"]
[BlackTeam "Virgen de Atocha"]
[WhiteTeamCountry "ESP"]
[BlackTeamCountry "ESP"]

1. d4 Nf6 2. c4 e6 3. Nf3 b6 4. a3 Ba6 5. e3 d5 6. b3 Be7 7. Bd3 O-O 8. O-O
Nbd7 9. Nbd2 c5 10. Bb2 cxd4 11. exd4 Rc8 12. Qe2 Bb7 13. Rad1 Nh5 14. Qe3 g6
15. Rfe1 Rc7 16. g3 Qa8 17. h4 a5 18. a4 Bb4 19. Re2 Re8 20. Nh2 Nhf6 21. Ndf3
dxc4 22. bxc4 Ba6 23. d5 exd5 24. Qf4 Rxe2 25. Bxe2 Qd8 26. Ne5 Bd6 27. Nxd7
Bxf4 28. Nxf6+ Kf8 29. Nxh7+ Kg8 30. Nf6+ Kf8 31. gxf4 Bxc4 32. Bxc4 Rxc4 33.
Nh7+ Kg8 34. Nf6+ Kf8 35. Nh7+ Kg8 36. Nf6+ 1/2-1/2

[Event "Liga Madrileña - DH 2015-2016"]
[Site "Madrid ESP"]
[Date "2016.03.06"]
[Round "13.42"]
[White "Almagro Llamas, Pablo"]
[Black "Gallego Jimenez, Victoriano"]
[Result "0-1"]
[WhiteElo "2429"]
[BlackElo "2362"]
[PlyCount "62"]
[EventDate "2015.11.22"]
[EventType "team-tourn"]
[EventRounds "14"]
[EventCountry "ESP"]
[Source "lmi"]
[SourceDate "2015.11.22"]
[WhiteTeam "Virgen de Atocha"]
[BlackTeam "La Casa del Ajedrez"]
[WhiteTeamCountry "ESP"]
[BlackTeamCountry "ESP"]

1. e4 c5 2. Nf3 d6 3. d4 cxd4 4. Qxd4 a6 5. c4 Nc6 6. Qd2 Bg4 7. Be2 Nf6 8. Nc3
g6 9. b3 Bg7 10. Bb2 O-O 11. O-O Rb8 12. Rfe1 Nd7 13. Rad1 Nc5 14. h3 Bxf3 15.
Bxf3 Nd4 16. Be2 e5 17. b4 Nce6 18. Nd5 Qh4 19. Qd3 f5 20. exf5 gxf5 21. Bf1
Kh8 22. g3 Qh5 23. Bg2 f4 24. Re4 fxg3 25. fxg3 Nf3+ 26. Kh1 Neg5 27. g4 Nxe4
28. Qxe4 Qh4 29. Rf1 Ng5 30. Rxf8+ Rxf8 31. Qe3 Nf3 0-1

[Event "Liga Madrileña - DH 2015-2016"]
[Site "Madrid ESP"]
[Date "2016.03.06"]
[Round "13.43"]
[White "Suarez Uriel, Adrian"]
[Black "Plazuelo Pascual, Juan"]
[Result "1-0"]
[WhiteElo "2278"]
[BlackElo "2351"]
[PlyCount "65"]
[EventDate "2015.11.22"]
[EventType "team-tourn"]
[EventRounds "14"]
[EventCountry "ESP"]
[Source "lmi"]
[SourceDate "2015.11.22"]
[WhiteTeam "La Casa del Ajedrez"]
[BlackTeam "Virgen de Atocha"]
[WhiteTeamCountry "ESP"]
[BlackTeamCountry "ESP"]

1. e4 e6 2. d4 d5 3. Nc3 Nf6 4. Bg5 Bb4 5. e5 h6 6. Bc1 Ne4 7. Qg4 g6 8. Nge2
Nxc3 9. Nxc3 c5 10. a3 Bxc3+ 11. bxc3 Qa5 12. Bd2 Qa4 13. Ra2 Nc6 14. Qf4 cxd4
15. Bd3 Bd7 16. Qf6 Rh7 17. h4 dxc3 18. Bxc3 Qg4 19. Rh3 Qxg2 20. Rg3 Qh1+ 21.
Ke2 Ne7 22. Ra1 Qh2 23. Rag1 d4 24. Bb4 Nd5 25. Rxg6 Qxg1 26. Rxg1 Nxf6 27.
Bxh7 Bb5+ 28. Bd3 Bxd3+ 29. Kxd3 a5 30. exf6 Kd7 31. Bd2 e5 32. Bxh6 Ke6 33.
Bg7 1-0

[Event "Liga Madrileña - DH 2015-2016"]
[Site "Madrid ESP"]
[Date "2016.03.06"]
[Round "13.44"]
[White "Horcajada Reales, Guillermo"]
[Black "Madina Yadarola, Martin"]
[Result "0-1"]
[WhiteElo "2208"]
[BlackElo "2237"]
[PlyCount "62"]
[EventDate "2015.11.22"]
[EventType "team-tourn"]
[EventRounds "14"]
[EventCountry "ESP"]
[Source "lmi"]
[SourceDate "2015.11.22"]
[WhiteTeam "Virgen de Atocha"]
[BlackTeam "La Casa del Ajedrez"]
[WhiteTeamCountry "ESP"]
[BlackTeamCountry "ESP"]

1. d4 d6 2. e4 g6 3. Nc3 c6 4. a4 Bg7 5. Bc4 Nf6 6. Qe2 O-O 7. e5 Nd5 8. f4
dxe5 9. dxe5 f6 10. Nf3 Bg4 11. h3 Bxf3 12. Qxf3 e6 13. exf6 Qxf6 14. Bd2 Nd7
15. O-O-O Nc5 16. g3 Kh8 17. Rde1 Qd4 18. Bxd5 exd5 19. Re7 Ne4 20. Nxe4 Qxb2+
21. Kd1 dxe4 22. Qxe4 Rad8 23. Ke2 Rd4 24. Qe3 Qxc2 25. Rd1 Qc4+ 26. Ke1 Rd3
27. Qe2 Qd5 28. Rxg7 Qh1+ 29. Kf2 Qh2+ 30. Kf1 Qxh3+ 31. Qg2 Rf3+ 0-1

[Event "Liga Madrileña - DH 2015-2016"]
[Site "Madrid ESP"]
[Date "2016.03.06"]
[Round "13.45"]
[White "Guadamuro Torrente, Ana Isabel"]
[Black "Vazquez Torres, Adrian"]
[Result "1/2-1/2"]
[WhiteElo "2147"]
[BlackElo "2205"]
[PlyCount "111"]
[EventDate "2015.11.22"]
[EventType "team-tourn"]
[EventRounds "14"]
[EventCountry "ESP"]
[Source "lmi"]
[SourceDate "2015.11.22"]
[WhiteTeam "La Casa del Ajedrez"]
[BlackTeam "Virgen de Atocha"]
[WhiteTeamCountry "ESP"]
[BlackTeamCountry "ESP"]

1. e4 c5 2. d3 Nc6 3. g3 e6 4. Bg2 Nf6 5. f4 b6 6. Nf3 Bb7 7. Nc3 d5 8. e5 d4
9. exf6 dxc3 10. bxc3 gxf6 11. O-O Qc7 12. f5 e5 13. Nd2 h5 14. Ne4 Bg7 15. a4
Na5 16. c4 Rd8 17. Bd2 Nc6 18. Nc3 Qd7 19. Nd5 Ne7 20. Nxe7 Bxg2 21. Kxg2 Kxe7
22. a5 h4 23. axb6 axb6 24. Qf3 Bh6 25. Bxh6 Rxh6 26. g4 h3+ 27. Kh1 Rhh8 28.
Ra6 Rb8 29. Rfa1 Rb7 30. g5 Rg8 31. gxf6+ Kxf6 32. Rb1 Qc7 33. Qe4 Rg5 34. Rf1
Rb8 35. Ra8 Rxa8 36. Qxa8 Kg7 37. f6+ Kh7 38. Rf3 Qd7 39. Qe4+ Rg6 40. Qh4+ Rh6
41. Qe4+ Rg6 42. Rg3 Qa7 43. Rxg6 fxg6 44. Qh4+ Kg8 45. Qxh3 Qa8+ 46. Kg1 Kf7
47. Qd7+ Kxf6 48. Qd6+ Kf5 49. Qxb6 Qa1+ 50. Kg2 Qc1 51. Qxc5 Qg5+ 52. Kf2 Qd2+
53. Kg1 Qc1+ 54. Kg2 Qg5+ 55. Kf1 Qc1+ 56. Kg2 1/2-1/2

[Event "Liga Madrileña - DH 2015-2016"]
[Site "Madrid ESP"]
[Date "2016.03.06"]
[Round "13.46"]
[White "Perez de Aranda, Leonardo Ivan"]
[Black "Unciti Juan, Javier"]
[Result "1-0"]
[WhiteElo "2078"]
[BlackElo "2050"]
[PlyCount "59"]
[EventDate "2015.11.22"]
[EventType "team-tourn"]
[EventRounds "14"]
[EventCountry "ESP"]
[Source "lmi"]
[SourceDate "2015.11.22"]
[WhiteTeam "Virgen de Atocha"]
[BlackTeam "La Casa del Ajedrez"]
[WhiteTeamCountry "ESP"]
[BlackTeamCountry "ESP"]

1. e4 e6 2. d4 d5 3. exd5 exd5 4. Nf3 Nc6 5. Bb5 Bd6 6. O-O a6 7. Re1+ Nge7 8.
Bd3 Bg4 9. c3 Qd7 10. Nbd2 O-O 11. Nb3 Ng6 12. h3 Bf5 13. Bf1 Rae8 14. Be3 Nd8
15. Nc5 Qc8 16. b4 c6 17. a4 Bb8 18. b5 axb5 19. axb5 Ne6 20. bxc6 Nxc5 21.
dxc5 bxc6 22. Nd4 Qc7 23. g3 Bd7 24. Qa4 f5 25. f4 Rxe3 26. Rxe3 Nxf4 27. gxf4
Qxf4 28. Re2 Qg3+ 29. Bg2 Qh2+ 30. Kf1 1-0